| 000 | 00977nam a2200205 a 4500 | ||
|---|---|---|---|
| 001 | 56278 | ||
| 005 | 20180714051948.0 | ||
| 008 | 140415s2009 mx 000 0 spa d | ||
| 020 | _a9786074380125 | ||
| 041 | _aspa | ||
| 082 |
_a519.2 _bSAN |
||
| 100 | 1 | _aSANCHEZ SANCHEZ, ERNESTO ALONSO | |
| 245 | 1 | 0 | _aPROBABILIDAD Y ESTADISTICA I |
| 250 | _a1a ed. | ||
| 260 |
_aMEXICO : _bGRUPO EDITORIAL PATRIA, _c2009 |
||
| 300 |
_a229 _c19 x 1 x 24.9 |
||
| 520 | _aPROPABILIDAD Y ESTADISTICA I ESTA TOTALMENTE APEGADO TANTO EN FORMA COMO EN CONTENIDO, AL PROGRAMA ACTUALIZADO MEDIANTE LA REFORMA CURRICULAR DEL BACHILLERATO GENERAL. ESTE LIBRO SE DESARROLLA CON UN ATRACTIVO DISEÑO ENRIQUECIDO CON LAS SIGUIENTES SECCIONES: EL CONTACTO CON TUS CONOCIMIENTOS: ESTABLECE UN PUENTE ENTRE LOS CONOCIMIENTOS QUE POSEE AL ALUMNO Y LOS QUE VA A ADQUIRIR. | ||
| 650 | 1 | 4 |
_aESTADISTICA _xPROBABILIDADES |
| 700 | 1 |
_aINZUNSA CAZARES, SANTIAGO -AVILA ANTUNA, ROBERTO _ecoaut. |
|
| 999 |
_c56278 _d56278 |
||